| 000 | 00721nam a2200217Ia 4500 | ||
|---|---|---|---|
| 999 |
_c36045 _d36045 |
||
| 001 | 1945 | ||
| 003 | GE_BSU | ||
| 005 | 20221010141858.0 | ||
| 008 | 181216s2005ru xx |||||||||||||| ||rus|| | ||
| 020 | _a5891239728 | ||
| 040 | _cGE_BSU | ||
| 041 | _arus | ||
| 080 | _a342.7(075.8) Г-75 | ||
| 245 | _aГражданин, закон и публичная власть | ||
| 264 |
_aМосква : _bНорма, _c2005. |
||
| 300 |
_a368 стр.: _b 21см. |
||
| 653 | _aГражданин, закон и публичная власть | ||
| 653 | _aმოქალაქე, კანონი და საჯარო ხელისუფლება | ||
| 653 | _aსამართალი | ||
| 942 |
_cBK _2udc |
||